[Event "ICS Rated standard match"]
[Site "207.99.5.190"]
[Date "1999.03.10"]
[Round "?"]
[White "ImKiLlEr"]
[Black "Hossa"]
[Result "1-0"]
[WhiteElo "2159"]
[BlackElo "2204"]
[Annotator "Crafty v16.5"]
[PlyCount "82"]

{annotating for player Hossa using a scoring margin of +0.10 pawns. search
time limit is 20.00} 1. Nf3 1... Nc6 2. e4 Nf6 3. e5 Ng4 4. d4 d6 5. h3 Nh6 6.
Nc3 g6 ({9:-0.82} 6... g6 7. Bb5 Bd7 8. exd6 cxd6 9. d5 Ne5 10. Nxe5 dxe5 11.
O-O 11... Bg7 $16) ({9:-0.41} 6... dxe5 7. d5 Nd4 8. Bxh6 Nxf3+ 9. Qxf3 gxh6
10. O-O-O Bd7 11. Bd3 11... Bg7 $14) 7. Bb5 d5 ({8:-1.21} 7... d5 8. Bg5 Nf5 9.
O-O Bd7 10. Re1 Nb4 11. Bxd7+ Qxd7 12. Qe2 $16) ({8:-0.83} 7... a6 8. Bxc6+
bxc6 9. exd6 cxd6 10. O-O Nf5 11. Bf4 Rb8 12. Rb1 12... Bg7 $16) 8. Bf4 Bg7 ({
9:-1.58} 8... Bg7 9. Qd2 Ng8 10. O-O-O a6 11. Ba4 f6 12. exf6 exf6 13. Qd3 $18)
({9:-1.35} 8... Nf5 9. Qd2 f6 10. g4 Ng7 11. exf6 exf6 12. O-O-O Bb4 13. Rhe1+
13... Be6 $16) 9. O-O Rb8 ({8:-1.74} 9... Rb8 10. Qd2 Ng8 11. Rae1 a6 12. Bd3
Nb4 13. Be2 $18) ({8:-1.53} 9... Nf5 10. Qd2 Bf8 11. Na4 f6 12. exf6 exf6 13.
Rae1+ Kf7 14. Nc3 $18) 10. Qd2 Ng8 11. Na4 a6 ({8:-1.68} 11... a6 12. Bxc6+
bxc6 13. Rfb1 e6 14. Qa5 Rb5 15. Qc3 Ne7 16. Nc5 $18) ({8:-1.44} 11... Bd7 12.
Nc5 e6 13. Bd3 f6 14. exf6 Nxf6 15. Rae1 15... Kf7 $16) 12. Bxc6+ bxc6 13. Rad1
Bf5 ({9:-1.63} 13... Bf5 14. Rb1 e6 15. g4 Be4 16. Ng5 Ne7 17. Nxe4 dxe4 18.
Nc5 $18) ({9:-1.31} 13... e6 14. Nh2 Ne7 15. Ng4 O-O 16. Nf6+ Kh8 17. Bh6 Nf5
18. Bxg7+ Kxg7 19. Qf4 $16) 14. Qc3 Qc8 15. Nc5 Rb5 ({8:-1.75} 15... Rb5 16.
Rfe1 Nh6 17. Qd2 Ng8 18. Rb1 Rb6 19. Ng5 $18) ({8:-1.64} 15... Bd7 16. Rb1 Rb6
17. Nxd7 Qxd7 18. Qe3 Qf5 19. Rfc1 19... Rb4 $18) 16. a4 Rb6 17. Rfe1 Be6 18.
Nxe6 fxe6 19. a5 Rb5 20. Qxc6+ Qd7 21. Qa8+ Qd8 22. Qxa6 Rb8 23. Ng5 Bh6 24.
Nxe6 Qc8 25. Bxh6 Nxh6 26. Qc6+ Kf7 27. Nxc7 Rxb2 28. a6 Qb8 29. Qe6+ Kf8 30.
Qd7 Kf7 31. e6+ Kf8 32. a7 Qxa7 33. Qe8+ Kg7 34. Qxe7+ Kg8 35. Qd8+ Kg7 36.
Qd7+ Nf7 37. Qxf7+ Kh6 38. Qf4+ Kg7 39. e7 Rb6 40. e8=Q Rxe8 41. Rxe8 Qb7 1-0

[Event "ICS rated standard match"]
[Site "207.99.5.190"]
[Date "1999.03.10"]
[Round "?"]
[White "Hossa"]
[Black "Grand-Dino"]
[Result "1-0"]
[WhiteElo "2203"]
[BlackElo "1921"]
[PlyCount "57"]

1. e4 d5 2. exd5 Qxd5 3. Nc3 Qd8 4. Nf3 Bf5 5. Bb5+ Nd7 6. Nh4 Nh6 7. Nxf5 Nxf5
8. O-O Nd4 9. Ba4 a6 10. Re1 b5 11. Bb3 e5 12. Qg4 Nf6 13. Rxe5+ Ne6 14. Rxe6+
fxe6 15. Qxe6+ Be7 16. a4 b4 17. Qf7+ Kd7 18. Nd5 Rf8 19. Nxf6+ Kc8 20. Qe6+
Kb8 21. Nd7+ Ka7 22. Ne5 Rf6 23. Nc6+ Kb7 24. Nxd8+ Kb8 25. Qxe7 Rd6 26. Bd5
Ra7 27. Nc6+ Kc8 28. Qe8+ Kb7 29. Qb8# {Grand-Dino checkmated} 1-0

[Event "ICS rated blitz match"]
[Site "207.99.5.190"]
[Date "1999.03.10"]
[Round "?"]
[White "Odegaard"]
[Black "Hossa"]
[Result "0-1"]
[WhiteElo "2183"]
[BlackElo "2455"]
[PlyCount "50"]

1. d4 Nf6 2. c4 g6 3. Nc3 Bg7 4. e4 d6 5. Nge2 O-O 6. Ng3 e5 7. d5 Bg4 8. f3
Bd7 9. Bd3 Na6 10. Be3 Nc5 11. b4 Nxd3+ 12. Qxd3 a5 13. b5 Rb8 14. O-O Be8 15.
a4 Nd7 16. Rab1 Rc8 17. Qd2 Nb6 18. Bxb6 cxb6 19. Qd3 Qc7 20. Rfc1 Qxc4 21.
Qxc4 Rxc4 22. Nf1 Bh6 23. Rc2 Bd7 24. Kf2 Rfc8 25. Rb3 25... Rxa4 {
Odegaard resigns} 0-1

[Event "ICS rated blitz match"]
[Site "207.99.5.190"]
[Date "1999.03.10"]
[Round "?"]
[White "Hossa"]
[Black "Odegaard"]
[Result "1-0"]
[WhiteElo "2461"]
[BlackElo "2177"]
[PlyCount "121"]

1. e4 e6 2. d4 d5 3. Nc3 Bb4 4. exd5 exd5 5. Bd3 Ne7 6. Nge2 O-O 7. O-O Bg4 8.
f3 Bh5 9. Re1 Nbc6 10. a3 Bxc3 11. Nxc3 Bg6 12. Bb5 a6 13. Bxc6 Nxc6 14. Bf4
Ne7 15. Re2 c6 16. Qd2 Nf5 17. Rd1 Re8 18. Rde1 Qd7 19. Be5 f6 20. Bf4 Nd6 21.
Bxd6 Qxd6 22. Na4 Rxe2 23. Rxe2 Re8 24. Nc5 Rxe2 25. Qxe2 Qc7 26. Qe6+ Bf7 27.
Qh3 b6 28. Nxa6 Qb7 29. Qg3 h6 30. Qb8+ Qxb8 31. Nxb8 Be8 32. a4 Kf8 33. Na6
Ke7 34. Kf2 Kd6 35. Ke3 c5 36. dxc5+ bxc5 37. b3 Bc6 38. b4 cxb4 39. a5 Bb5 40.
Nxb4 Kc5 41. Nd3+ Kc4 42. Nc1 d4+ 43. Ke4 g6 44. h4 Bc6+ 45. Kf4 h5 46. a6 Kb5
47. a7 Kb6 48. Nb3 Kxa7 49. Nxd4 Bd5 50. Ke3 Kb6 51. Nb3 Kb5 52. Nd2 Kc5 53.
Ne4+ Bxe4 54. Kxe4 Kc4 55. g4 hxg4 56. fxg4 Kc3 57. h5 f5+ 58. Kf4 gxh5 59.
gxh5 Kxc2 60. h6 Kd3 61. h7 {Odegaard resigns} 1-0

[Event "ICS rated blitz match"]
[Site "207.99.5.190"]
[Date "1999.03.10"]
[Round "?"]
[White "Odegaard"]
[Black "Hossa"]
[Result "0-1"]
[WhiteElo "2172"]
[BlackElo "2466"]
[PlyCount "64"]

1. d4 Nf6 2. c4 g6 3. Nc3 Bg7 4. e4 d6 5. Nge2 O-O 6. Ng3 e5 7. d5 Bg4 8. f3
Bd7 9. Be3 Na6 10. Bd3 Nc5 11. O-O Nxd3 12. Qxd3 Rc8 13. b4 Ra8 14. c5 Qe7 15.
Rfc1 Rfc8 16. Nb5 Bxb5 17. Qxb5 b6 18. cxd6 cxd6 19. Rc6 Rxc6 20. Qxc6 Rf8 21.
Rc1 Re8 22. Qc7 Qxc7 23. Rxc7 Ra8 24. Ne2 Bf8 25. Nc3 Kg7 26. Nb5 a5 27. bxa5
Rxa5 28. Nc3 b5 29. Ra7 Rxa7 30. Bxa7 b4 31. Nb5 Nd7 32. Bb8 32... Nxb8 {
Odegaard resigns} 0-1

[Event "ICS rated standard match"]
[Site "207.99.5.190"]
[Date "1999.03.10"]
[Round "?"]
[White "Rubenstein"]
[Black "Hossa"]
[Result "0-1"]
[WhiteElo "2099"]
[BlackElo "2204"]
[PlyCount "84"]

1. e4 e5 2. Nf3 Nc6 3. Bb5 a6 4. Bxc6 dxc6 5. O-O Bg4 6. h3 Bxf3 7. Qxf3 Qf6 8.
Qe3 Bd6 9. d3 Ne7 10. Nd2 O-O 11. Nc4 b5 12. Nd2 Ng6 13. g3 Qe6 14. Kg2 Rad8
15. Nb3 f5 16. exf5 Qxf5 17. Bd2 Rf7 18. Qe4 Qxe4+ 19. dxe4 Re8 20. Be3 Nf8 21.
Rad1 Ne6 22. Nd2 Ref8 23. c4 Nd4 24. b3 Nc2 25. Ba7 Nb4 26. a4 bxa4 27. bxa4 c5
28. Nb3 Rf3 29. Nxc5 Nc6 30. Ne6 Nxa7 31. Nxf8 Rxf8 32. Rd5 Nc6 33. c5 Be7 34.
Rd7 Rc8 35. Rc1 Kf7 36. f4 Ke6 37. Rd5 Rf8 38. Kf3 g5 39. f5+ Rxf5+ 40. Kg4 Rf2
41. Rb1 Nd4 42. Rb7 42... Re2 {Rubenstein resigns} 0-1

[Event "ICS rated blitz match"]
[Site "207.99.5.190"]
[Date "1999.03.10"]
[Round "?"]
[White "Hossa"]
[Black "Web-vinnik"]
[Result "1-0"]
[WhiteElo "2471"]
[BlackElo "2315"]
[PlyCount "53"]

1. e4 c5 2. Bc4 e6 3. Nc3 Nc6 4. Nf3 d6 5. d4 cxd4 6. Nxd4 Nf6 7. O-O Be7 8.
Bb5 Qc7 9. Nxc6 bxc6 10. Bc4 O-O 11. Bf4 Rd8 12. Qc1 Qb6 13. Be3 Qb4 14. Bd3 d5
15. a3 Qd6 16. exd5 cxd5 17. Nb5 Qd7 18. Re1 Bb7 19. Qd2 a6 20. Nd4 Rac8 21.
Rad1 Qc7 22. Qe2 a5 23. Nb5 Qc6 24. Na7 Qd6 25. Nxc8 Rxc8 26. Bd4 Ne4 27. Bxg7
{Web-vinnik resigns} 1-0

[Event "ICS rated blitz match"]
[Site "207.99.5.190"]
[Date "1999.03.10"]
[Round "?"]
[White "Web-vinnik"]
[Black "Hossa"]
[Result "0-1"]
[WhiteElo "2306"]
[BlackElo "2480"]
[PlyCount "42"]

1. d4 Nf6 2. c4 g6 3. Nc3 Bg7 4. e4 d6 5. Nf3 Bg4 6. Be2 O-O 7. Be3 Nc6 8. d5
Na5 9. Nd2 Bxe2 10. Qxe2 e6 11. O-O Qd7 12. b4 Nxd5 13. cxd5 Bxc3 14. bxa5 Bxa1
15. Rxa1 exd5 16. exd5 c5 17. Rb1 Rae8 18. Qc4 Re5 19. Nf3 Re7 20. h3 Qf5 21.
Bg5 21... Qxb1+ {Web-vinnik resigns} 0-1

[Event "ICS rated bullet match"]
[Site "207.99.5.190"]
[Date "1999.03.10"]
[Round "?"]
[White "mandamus"]
[Black "Hossa"]
[Result "1-0"]
[WhiteElo "2576"]
[BlackElo "2422"]
[Annotator "Crafty v16.5"]
[PlyCount "133"]

{annotating for player Hossa using a scoring margin of +0.10 pawns. search
time limit is 20.00} 1. d4 1... Nf6 2. c4 g6 3. Nc3 Bg7 4. e4 d6 5. Nf3 Bg4 6.
Be2 O-O 7. Be3 Nc6 8. d5 Bxf3 9. Bxf3 Ne5 10. Be2 e6 11. O-O exd5 12. cxd5 Re8
13. f4 Ned7 14. Qd3 Qe7 15. Bf3 Nxe4 16. Nxe4 f5 17. Nxd6 Qxd6 18. Rae1 Rad8
19. Qb5 a6 20. Qxb7 Rb8 21. Qc6 Bxb2 22. Re2 Bg7 23. Rc1 Qxc6 24. dxc6 Nf6 25.
Rd1 Kf7 26. Kf2 Rbc8 27. Red2 Ke6 28. Kf1 Ne4 29. Rd7 Rg8 30. Be2 g5 31. Bxa6
gxf4 32. Bxf4 Bc3 33. Bc4+ Kf6 34. Bxg8 Rxg8 35. Bxc7 Ra8 36. Bd8+ Kg6 37. c7
h5 38. R1d6+ Nxd6 39. Rxd6+ Kg7 40. Rc6 Be5 41. c8=Q Rxc8 42. Rxc8 Bxh2 43. Bc7
f4 44. Kf2 Kg6 45. Kf3 Bg3 46. Bxf4 Be1 47. Rc6+ Kf7 48. Ke2 Bb4 49. Rh6 h4 50.
Rxh4 Bc3 51. g4 Ke6 52. Rh6+ Kd5 53. Kd3 Bb4 54. a4 Bf8 55. Rh5+ Kc6 56. a5 Bc5
57. Rxc5+ Kxc5 58. g5 Kd5 59. a6 Kc6 60. a7 Kb7 61. Be3 Ka8 62. g6 Kb7 63. g7
Kc7 64. a8=Q Kd7 65. g8=Q Kd6 66. Qgd8+ Ke5 67. Qad5# 1-0

[Event "ICS Rated standard match"]
[Site "207.99.5.190"]
[Date "1999.03.10"]
[Round "?"]
[White "Hossa"]
[Black "yusef"]
[Result "1-0"]
[WhiteElo "2215"]
[BlackElo "2009"]
[PlyCount "51"]

1. e4 d6 2. Bb5+ Bd7 3. Nc3 a6 4. Bxd7+ Nxd7 5. Nf3 e5 6. O-O Ngf6 7. d4 exd4
8. Qxd4 Be7 9. Qb4 b6 10. Bg5 O-O 11. Rad1 d5 12. Bxf6 Nxf6 13. Qb3 c6 14. exd5
cxd5 15. Rfe1 Bc5 16. Nxd5 Nxd5 17. c3 Qf6 18. Qxd5 Rfe8 19. Qd7 Rxe1+ 20. Rxe1
h6 21. Qb7 Rd8 22. Qxa6 g5 23. Qa4 h5 24. Re8+ Kh7 25. Re5 Rg8 26. h4 {
yusef resigns} 1-0

[Event "ICS Rated blitz match"]
[Site "207.99.5.190"]
[Date "1999.03.10"]
[Round "?"]
[White "Hossa"]
[Black "COMP"]
[Result "0-1"]
[WhiteElo "2482"]
[BlackElo "2534"]
[PlyCount "86"]

1. e4 e5 2. Nf3 Nc6 3. Bb5 a6 4. Ba4 Nf6 5. O-O Be7 6. d3 d6 7. Bxc6+ bxc6 8.
c3 O-O 9. Nbd2 Ne8 10. d4 exd4 11. cxd4 Bg4 12. Qc2 Qd7 13. b3 f5 14. e5 Bh5
15. Bb2 Bf7 16. Rac1 Bd5 17. Qd3 a5 18. Nc4 a4 19. b4 Rb8 20. a3 Rf7 21. Qd1 c5
22. exd6 cxd6 23. dxc5 Bxc4 24. Ne5 Qb5 25. Nxc4 dxc5 26. Ne5 cxb4 27. Nxf7
Kxf7 28. Re1 bxa3 29. Qh5+ Kf8 30. Be5 Nf6 31. Bxf6 Bxf6 32. Qxh7 a2 33. Rc7
Qd5 34. Qh8+ Qg8 35. Qh3 Qd5 36. Qa3+ Kg8 37. Qxa4 Kh7 38. Rd7 Rb1 39. Rf1
Rxf1+ 40. Kxf1 a1=Q+ 41. Qxa1 Qc4+ 42. Kg1 Bxa1 43. Rd1 43... Bd4 {
Hossa resigns} 0-1

[Event "ICS rated bullet match"]
[Site "207.99.5.190"]
[Date "1999.03.10"]
[Round "?"]
[White "Hossa"]
[Black "JSBach"]
[Result "1-0"]
[WhiteElo "2413"]
[BlackElo "2179"]
[PlyCount "105"]

1. e4 e5 2. Nf3 Qf6 3. Bd3 Bc5 4. Nc3 Nc6 5. O-O Nd4 6. Nxd4 exd4 7. Nb5 Qd8 8.
c3 dxc3 9. dxc3 d6 10. Bd2 Bd7 11. Qb3 Nf6 12. Nd4 Bb6 13. Rae1 O-O 14. e5 dxe5
15. Rxe5 c5 16. Nf3 Bg4 17. Ne1 Qd6 18. Bf4 Rad8 19. Bg3 Be6 20. Bc4 Bxc4 21.
Qxc4 Rd7 22. Nf3 a5 23. Qb5 Rc7 24. Re8 Qc6 25. Qxc6 Rxc6 26. Re7 Re8 27. Rxb7
Re2 28. Ne5 Re6 29. Rb8+ Ne8 30. Nc4 Ba7 31. Rb7 Ra6 32. Rd1 h6 33. f3 Nf6 34.
Rd8+ Re8 35. Rxe8+ Nxe8 36. a3 f5 37. Re7 Kf8 38. Re5 Nf6 39. Rxf5 g6 40. Rf4
Kg7 41. Kf2 Bb6 42. Rh4 g5 43. Rh3 Ba7 44. Be5 a4 45. Ke3 Re6 46. Kd3 Kg6 47.
Bxf6 Rxf6 48. Ne5+ Kf5 49. Ng4 Rd6+ 50. Kc4 Rd2 51. Rxh6 Rd6 52. Rxd6 Kf4 53.
Rf6# {JSBach checkmated} 1-0

[Event "ICS rated blitz match"]
[Site "207.99.5.190"]
[Date "1999.03.10"]
[Round "?"]
[White "JSBach"]
[Black "Hossa"]
[Result "0-1"]
[WhiteElo "2064"]
[BlackElo "2468"]
[PlyCount "64"]

1. d4 Nf6 2. Bf4 d5 3. Qd3 Na6 4. Nf3 e6 5. Nc3 Bb4 6. O-O-O O-O 7. e3 c5 8.
dxc5 Nxc5 9. Qb5 Bxc3 10. Qxc5 Ne4 11. Qa3 Nxf2 12. Qxc3 Nxh1 13. Rd4 Nf2 14.
Nd2 Bd7 15. Bc7 Qe7 16. Rf4 Rfc8 17. Rxf2 Be8 18. Bd3 Qxc7 19. Qb4 Qxh2 20. Nf1
a5 21. Qxb7 Qd6 22. c4 Rcb8 23. Bxh7+ Kxh7 24. Rxf7 Rxb7 25. Rxb7 Qc6 26. Rb3
Qxc4+ 27. Kd2 Qxf1 28. Rb7 Qxg2+ 29. Kc1 Rc8+ 30. Rc7 Rxc7+ 31. Kd1 Qxb2 32.
Ke1 32... Rc1# {JSBach checkmated} 0-1

[Event "ICS Rated blitz match"]
[Site "207.99.5.190"]
[Date "1999.03.10"]
[Round "?"]
[White "Data"]
[Black "Hossa"]
[Result "1/2-1/2"]
[WhiteElo "2884"]
[BlackElo "2471"]
[PlyCount "36"]

1. e4 e5 2. Nf3 Nc6 3. Bc4 Bc5 4. b4 Bxb4 5. c3 Bc5 6. d4 exd4 7. O-O dxc3 8.
Bxf7+ Kf8 9. Bxg8 Rxg8 10. Qd5 Be7 11. Ng5 Bxg5 12. Bxg5 Ne7 13. Bxe7+ Qxe7 14.
Qf5+ Qf6 15. Qc5+ Qe7 16. Qf5+ Qf6 17. Qc5+ Qe7 18. Qf5+ 18... Qf6 {
Game drawn by repetition} 1/2-1/2

[Event "ICS Rated blitz match"]
[Site "207.99.5.190"]
[Date "1999.03.10"]
[Round "?"]
[White "LaDame"]
[Black "Hossa"]
[Result "0-1"]
[WhiteElo "2423"]
[BlackElo "2484"]
[PlyCount "80"]

1. d4 Nf6 2. c4 g6 3. Nc3 Bg7 4. e4 d6 5. Be2 O-O 6. Nf3 Bg4 7. Be3 Nc6 8. O-O
Rc8 9. d5 Bxf3 10. Bxf3 Ne5 11. Be2 c5 12. f4 Ned7 13. Kh1 Qb6 14. Qb3 Qb4 15.
Qc2 Rce8 16. Nb5 Qa5 17. f5 Ne5 18. fxg6 fxg6 19. Bd2 Qb6 20. Bg5 Rf7 21. a4 a6
22. a5 Qd8 23. Nc3 Ref8 24. Qb3 Qd7 25. Rf4 Re8 26. Ra4 Nfg4 27. Bxg4 Qxg4 28.
Rxf7 Nxf7 29. Be3 Bxc3 30. bxc3 Qxe4 31. Bf2 Rf8 32. Bg1 Ne5 33. h3 Rf1 34. Ra1
Rxa1 35. Qb2 Qe1 36. Qxa1 Qxa1 37. h4 Ng4 38. h5 Qe1 39. hxg6 Qh4+ 40. Bh2
40... Qxh2# {LaDame checkmated} 0-1

[Event "ICS Rated blitz match"]
[Site "207.99.5.190"]
[Date "1999.03.10"]
[Round "?"]
[White "Hossa"]
[Black "LaDame"]
[Result "1-0"]
[WhiteElo "2497"]
[BlackElo "2410"]
[PlyCount "133"]

1. e4 c5 2. Bc4 Nf6 3. d3 Nc6 4. Nf3 Na5 5. e5 Nxc4 6. dxc4 Ng4 7. O-O Qc7 8.
Qd5 Qc6 9. Qxc6 bxc6 10. h3 Nh6 11. Bxh6 gxh6 12. Nbd2 Rg8 13. Ne4 Rb8 14. b3
d6 15. exd6 Bxh3 16. Ng3 Be6 17. dxe7 Kxe7 18. Rad1 f6 19. Rfe1 Kf7 20. Rd3 Bc8
21. Rd8 Bg7 22. Re7+ Kxe7 23. Rxg8 Kf7 24. Rd8 Ke7 25. Rd2 Kf7 26. Ne1 f5 27.
Nd3 Bc3 28. Re2 Kg8 29. Re7 a5 30. Rc7 f4 31. Ne4 Bg7 32. Nexc5 f3 33. gxf3 h5
34. Rxc6 h4 35. Rc7 Bf5 36. Ra7 Bc3 37. Ne4 Bxe4 38. fxe4 Re8 39. e5 h6 40. Kf1
h3 41. a3 Bxe5 42. Rxa5 h2 43. Kg2 Bc7 44. Ra7 Bb8 45. Rd7 h5 46. f4 Re2+ 47.
Kh1 h4 48. Rd8+ Kg7 49. Rxb8 Rxc2 50. a4 Re2 51. b4 Rd2 52. Ne5 h3 53. a5 Rb2
54. a6 Ra2 55. Rb6 Kf8 56. b5 Ke7 57. f5 Kd8 58. c5 Kc8 59. f6 Kc7 60. Rb7+ Kc8
61. f7 Rf2 62. b6 Rf1+ 63. Kxh2 Rf2+ 64. Kxh3 Rxf7 65. Rxf7 Kd8 66. b7 Ke8 67.
b8=Q# {LaDame checkmated} 1-0

[Event "ICS rated bullet match"]
[Site "207.99.5.190"]
[Date "1999.03.10"]
[Round "?"]
[White "JSBach"]
[Black "Hossa"]
[Result "0-1"]
[WhiteElo "2144"]
[BlackElo "2420"]
[PlyCount "56"]

1. d4 Nf6 2. Bf4 d5 3. Qd3 Nc6 4. Nc3 Bg4 5. O-O-O Qd7 6. Nb5 Rc8 7. Qc3 a6 8.
Na3 Ne4 9. Qe3 Bf5 10. Nf3 e6 11. Ne5 Nxe5 12. Bxe5 Bxa3 13. Qxa3 Nxf2 14. e4
Bxe4 15. Bxg7 Rg8 16. Bxa6 bxa6 17. Qg3 Nxh1 18. Rxh1 f6 19. Rf1 Rxg7 20. Qh4
Rxg2 21. Qxf6 Rxc2+ 22. Kd1 Qe7 23. Qe5 Rxb2 24. Rf6 Bf5 25. Ke1 Qb4+ 26. Kf1
Qc4+ 27. Kg1 Qc1+ 28. Qe1 28... Qxe1# {JSBach checkmated} 0-1

[Event "ICS Rated blitz match"]
[Site "207.99.5.190"]
[Date "1999.03.10"]
[Round "?"]
[White "Hossa"]
[Black "MissSilicon"]
[Result "0-1"]
[WhiteElo "2509"]
[BlackElo "2464"]
[Annotator "Crafty v16.5"]
[PlyCount "99"]

{annotating for player Hossa using a scoring margin of +0.10 pawns. search
time limit is 20.00} 1. e4 1... e5 2. Nf3 Nc6 3. Bb5 a6 4. Bxc6 dxc6 5. d4 Bg4
6. dxe5 Qxd1+ 7. Kxd1 Bxf3+ 8. gxf3 O-O-O+ 9. Bd2 ({11:+0.18} 9. Bd2 9... Ne7
10. f4 Ng6 11. Ke2 Rd4 12. f3 Be7 13. c3 Rd7 14. Kf2 $10) ({11:+0.32} 9. Ke2
9... Re8 10. f4 f6 11. Nc3 fxe5 12. fxe5 Rxe5 13. f4 Re6 14. Be3 14... Nf6 $14)
9... g6 10. Kc1 ({10:+0.27} 10. Kc1 10... Bc5 11. Be3 Bxe3+ 12. fxe3 Nh6 13.
Nd2 Rhe8 14. Nc4 b5 15. Na5 15... Kd7 $10) ({10:+0.56} 10. c3 10... Bc5 11. Rf1
h6 12. Kc2 Re8 13. f4 f6 14. f5 14... gxf5 $14) 10... Bg7 11. f4 f6 12. e6 Ne7
13. Rd1 ({10:-0.07} 13. Rd1 13... Rd6 14. c4 Rxe6 15. Nc3 Rd6 16. Kc2 Rd4 17.
c5 17... Rhd8 $10) ({10:+0.50} 13. Rg1 13... Rd6 14. f5 Rg8 15. Bf4 gxf5 16.
Rxg7 Rxg7 17. Bxd6 17... cxd6 $14) 13... Rd6 14. Nc3 ({11:-0.17} 14. Nc3 14...
Rxe6 15. b3 Rd8 16. Be3 f5 17. Rxd8+ Kxd8 18. e5 g5 19. Kb2 gxf4 20. Rd1+ 20...
Ke8 $10) ({11:+0.00} 14. c4 14... Rxe6 15. Nc3 Rd8 16. c5 Rd3 17. Kc2 Rh3 18.
Rh1 Rf3 19. Be3 $10) 14... Rxe6 15. Be3 f5 16. e5 Rd8 17. Rxd8+ Kxd8 18. Kd2 g5
19. Re1 gxf4 20. Bxf4 Ng6 21. Bg5+ Kd7 22. Bf6 Nxe5 23. Rxe5 Rxf6 24. Ke3 Kd6
25. Ra5 Rh6 26. Rxf5 Bxc3 27. bxc3 Rxh2 28. Ke4 h5 29. Rf6+ Kc5 30. Rf3 Kc4 31.
a3 h4 32. Kf4 Rg2 33. a4 Rg7 34. Ke5 Re7+ 35. Kf6 Re2 36. Rf4+ Kxc3 37. f3 h3
38. Rh4 h2 39. Kf5 Kxc2 40. a5 c5 41. Rh3 c4 42. Rh5 c3 43. Rh4 Kb3 44. f4 c2
45. Rh3+ Kb4 46. Kg4 c1=Q 47. Kf5 Qc5+ 48. Kg4 Rg2+ 49. Kf3 Qd5+ 50. Ke3 0-1

[Event "ICS Rated blitz match"]
[Site "207.99.5.190"]
[Date "1999.03.10"]
[Round "?"]
[White "Data"]
[Black "Hossa"]
[Result "1-0"]
[WhiteElo "2875"]
[BlackElo "2491"]
[Annotator "Crafty v16.5"]
[PlyCount "99"]

{annotating for player Hossa using a scoring margin of +0.10 pawns. search
time limit is 20.00} 1. e4 1... e5 2. f4 exf4 3. Nf3 Bb4 4. Bc4 Qe7 5. Qe2 Nf6
6. Nc3 Nc6 7. e5 Bxc3 8. bxc3 Nh5 9. d4 d6 ({9:-0.10} 9... d6 10. Ba3 Bf5 11.
exd6 cxd6 12. Bxd6 Qxe2+ 13. Bxe2 Rd8 14. Ng5 Ng3 15. hxg3 Rxd6 16. gxf4 16...
Bxc2 $10) ({9:+0.49} 9... O-O 10. O-O d6 11. Ba3 Re8 12. Rae1 Qd8 13. Nd2 13...
Qh4 $15) 10. Ba3 O-O 11. exd6 Qxe2+ 12. Bxe2 cxd6 13. Ne5 dxe5 14. Bxf8 Nf6 ({
11:-0.78} 14... Nf6 15. dxe5 Nxe5 16. Bd6 Ng6 17. Bf3 Bf5 18. Bxb7 Re8+ 19. Kf1
Re3 20. c4 20... Bxc2 $16) ({11:+0.17} 14... Kxf8 15. Bxh5 exd4 16. cxd4 g6 17.
Bd1 Nxd4 18. O-O Bf5 19. Rb1 Rb8 20. Rxf4 Nxc2 21. Bxc2 21... Bxc2 $10) 15.
dxe5 Nd5 16. Bd6 Nxc3 17. Bd3 f3 18. gxf3 Be6 19. Kd2 Nd5 20. Rhb1 Nb6 21. a4
Na5 22. f4 Rc8 23. Rb4 f6 24. Ke1 Nc6 25. Rb2 fxe5 26. fxe5 Nd8 27. a5 Nd5 28.
Kd2 g6 29. Rf1 Kg7 30. Rf8 g5 31. Be4 Nf4 32. Bxb7 Ng6 33. Bxc8 Nxf8 34. Bxf8+
Kxf8 35. Bxe6 Nxe6 36. Rb8+ Kf7 37. Rb7+ Kg6 38. Rxa7 Nd4 39. a6 Nf3+ 40. Kc1
g4 41. Rc7 Ng1 42. e6 Ne2+ 43. Kd2 Nd4 44. e7 Kf7 45. e8=Q+ Kxe8 46. a7 Ne6 47.
a8=Q+ Nd8 48. Qc8 h5 49. Qd7+ Kf8 50. Qxd8# 1-0

[Event "ICS Rated blitz match"]
[Site "207.99.5.190"]
[Date "1999.03.10"]
[Round "?"]
[White "Hossa"]
[Black "JudgeTurpin"]
[Result "1/2-1/2"]
[WhiteElo "2488"]
[BlackElo "2367"]
[PlyCount "118"]

1. e4 e5 2. Nf3 Nc6 3. Bb5 a6 4. Bxc6 dxc6 5. d4 exd4 6. Qxd4 Qxd4 7. Nxd4 Bd6
8. O-O g6 9. e5 Bc5 10. c3 Bxd4 11. cxd4 Ne7 12. Nc3 Nd5 13. Nxd5 cxd5 14. Be3
Bf5 15. f3 Kd7 16. Kf2 h5 17. Rac1 Rhe8 18. Rg1 Rac8 19. g4 hxg4 20. fxg4 Be4
21. Rgf1 Bd3 22. Rfd1 Be4 23. h4 Ke6 24. b4 a5 25. bxa5 c5 26. Kg3 cxd4 27.
Bxd4 Rc4 28. Rxc4 dxc4 29. Rf1 Kd5 30. Bc3 Re7 31. Rf6 Rd7 32. Kf4 Bc2 33. a6
bxa6 34. Rxa6 Kc5 35. a3 Rd1 36. Bb4+ Kb5 37. Ra5+ Kb6 38. h5 gxh5 39. gxh5 Rh1
40. Kg5 Bd1 41. h6 Rh5+ 42. Kf6 Rxh6+ 43. Kxf7 Bg4 44. a4 Bd7 45. Bc3 Rh3 46.
Rd5 Rxc3 47. Rxd7 Rf3+ 48. Ke6 Ra3 49. Kd6 Rd3+ 50. Ke7 Rxd7+ 51. Kxd7 c3 52.
e6 c2 53. e7 c1=Q 54. e8=Q Qc7+ 55. Ke6 Qc6+ 56. Qxc6+ Kxc6 57. Ke5 Kc5 58. a5
Kb5 59. a6 59... Kxa6 {Game drawn because neither player has mating material}
1/2-1/2

[Event "ICS Rated blitz match"]
[Site "207.99.5.190"]
[Date "1999.03.10"]
[Round "?"]
[White "JudgeTurpin"]
[Black "Hossa"]
[Result "1-0"]
[WhiteElo "2372"]
[BlackElo "2483"]
[PlyCount "75"]

1. d4 Nf6 2. c4 g6 3. Nf3 Bg7 4. Nc3 O-O 5. e4 d6 6. Be3 e5 7. Be2 exd4 8. Nxd4
Re8 9. Qc2 Qe7 10. f3 c5 11. Nb3 Nc6 12. O-O-O Be6 13. Qd2 Ne5 14. Qxd6 Qxd6
15. Rxd6 Bxc4 16. Nxc5 Bxe2 17. Nxe2 Rac8 18. Kb1 Nc4 19. Rxf6 Bxf6 20. Nd7
Bxb2 21. Bxa7 Rc7 22. Nb6 Be5 23. Nxc4 Rxc4 24. Nc1 Rb4+ 25. Nb3 b6 26. Rd1
Bxh2 27. Rd4 Rxd4 28. Nxd4 Rd8 29. Nb5 Rd2 30. Bxb6 Rxg2 31. a4 Bf4 32. a5 Be5
33. a6 Rb2+ 34. Kc1 Re2 35. Bc5 h5 36. a7 Ra2 37. Na3 Kg7 38. a8=Q {
Hossa resigns} 1-0

[Event "ICS Rated blitz match"]
[Site "207.99.5.190"]
[Date "1999.03.10"]
[Round "?"]
[White "Hossa"]
[Black "JSBach"]
[Result "1-0"]
[WhiteElo "2462"]
[BlackElo "2052"]
[PlyCount "177"]

1. e4 e5 2. Nf3 Nf6 3. Nc3 Bb4 4. Nxe5 d6 5. Nf3 Bxc3 6. dxc3 Nxe4 7. Bb5+ Bd7
8. Bd3 Qe7 9. Qe2 Bc6 10. Nd4 d5 11. O-O Bd7 12. c4 c6 13. f3 Nc5 14. Qxe7+
Kxe7 15. cxd5 Nxd3 16. dxc6 Nxc6 17. Nxc6+ Bxc6 18. cxd3 Kf6 19. d4 Rae8 20.
Kf2 Bd5 21. Re1 Re6 22. Rxe6+ fxe6 23. Bf4 Kg6 24. a4 Rc8 25. Rc1 Rxc1 26. Bxc1
Bc6 27. a5 h6 28. Be3 Bd5 29. Bf4 b6 30. a6 Bc4 31. Bb8 Bxa6 32. Bxa7 b5 33. b4
Bb7 34. Bb8 Bd5 35. Be5 Bc4 36. h4 Bd3 37. g4 Kh7 38. Ke3 Bc4 39. h5 Bd5 40.
Bg3 Bc4 41. Bf4 Kh8 42. Bd6 Kg8 43. f4 Bd5 44. g5 Kf7 45. g6+ Ke8 46. Be5 Kf8
47. Ke2 Kg8 48. Bd6 Be4 49. Kf2 Kh8 50. Ke3 Bd5 51. Be7 Bc4 52. Ke4 Be2 53. Ke5
Bxh5 54. Kxe6 Bxg6 55. f5 Be8 56. f6 Kg8 57. fxg7 Kxg7 58. Bd6 Kg6 59. Bf4 h5
60. Bc1 h4 61. Ke7 h3 62. Bf4 Bc6 63. Ke6 Bh1 64. Be5 Kg5 65. Kd6 Be4 66. Kc5
Bd3 67. d5 Kf5 68. Bg3 Kg4 69. d6 Bf5 70. Bh2 Bd7 71. Kb6 Kh4 72. Kc7 Bf5 73.
d7 Bxd7 74. Kxd7 Kg5 75. Kd6 Kf5 76. Kd5 Kg5 77. Kc5 Kf5 78. Kxb5 Ke6 79. Kc6
Kf5 80. b5 Kg5 81. b6 Kg4 82. b7 Kf5 83. b8=Q Ke4 84. Qe5+ Kd3 85. Qf5+ Kc4 86.
Be5 Kb4 87. Qb1+ Ka4 88. Bd6 Ka5 89. Qb5# {JSBach checkmated} 1-0

[Event "ICS Rated blitz match"]
[Site "207.99.5.190"]
[Date "1999.03.10"]
[Round "?"]
[White "JSBach"]
[Black "Hossa"]
[Result "0-1"]
[WhiteElo "2049"]
[BlackElo "2465"]
[PlyCount "52"]

1. d4 Nf6 2. Bf4 d5 3. Qd3 Nc6 4. Nc3 Bg4 5. O-O-O Qd7 6. Nb5 Rc8 7. Qb3 Ne4 8.
Qe3 e5 9. dxe5 Bc5 10. Qb3 Nxf2 11. Rxd5 Qe7 12. Qg3 h5 13. Qc3 Bb4 14. Qe3
Nxh1 15. Nxa7 Qe6 16. Nxc6 bxc6 17. Rd3 Qxa2 18. c3 Qa1+ 19. Kc2 Qxf1 20. Rd1
Bf5+ 21. Kc1 Qxg2 22. cxb4 Ra8 23. Nf3 Nf2 24. Rd4 Qf1+ 25. Kd2 Qd1+ 26. Kc3
26... Qc2# {JSBach checkmated} 0-1